| 000 | 00874nac a22002417a 4500 | ||
|---|---|---|---|
| 001 | BR8006077 | ||
| 003 | BR-BrBNA | ||
| 005 | 20240105114811.0 | ||
| 008 | 230509b bl.|||m| |||| 00| 0 por d | ||
| 040 |
_aBR-BrBNA _bpor _cBiblioteca Nacional de Agricultura |
||
| 072 | _aP12; P10 | ||
| 090 | _a4630 BR8006077 | ||
| 110 | 1 |
_aEmpresa Brasileira de Assistencia Tecnica e Extensao Rural, Brasilia, DF _93797 |
|
| 245 | 1 |
_aUtilizacao de aguas subterraneas - manilha para pocos _bCaptacao e utilizacao da agua |
|
| 260 | 3 |
_aBrasilia, DF (Brasil): _c1980. |
|
| 300 | _a5 p. | ||
| 490 |
_aFichario de Tecnologias Adaptadas - Empresa Brasileira de Assistencia Tecnica e Extensao Rural (Brazil) _vv. 4(74) _x |
||
| 650 | _aTECNOLOGIA APROPRIADA | ||
| 650 | _aAGUAS SUBTERRANEAS | ||
| 650 | _aPOCO | ||
| 909 |
_a202312 _bLúcia Elande _c55 _dLúcia Elande |
||
| 942 |
_2AGRIS _n0 _cMS |
||
| 999 |
_c271360 _d271360 |
||